000 005870000a22001810004500
003 MACL
005 20160512133807.0
008 160512b xxu||||| |||| 00| 0 eng d
040 _aMACL
_cMACL
041 _aHindi
082 _a900 MUK
100 _aमुखर्जी, विश्‍वनाथ
_956372
245 _aभारत के महान योगी
_cविश्‍वनाथ मुखर्जी
260 _bअनुराग प्रकाशन
_c2007
_aवाराणसी
350 _a100
650 _aHistory
_956373
942 _cHIN
_k900
_2ddc
999 _c12394
_d12394